Η δράση της διεθνούς κοινότητας για την πρόληψη και αποτροπή της εμπορίας ανθρώπων : διπλωματική εργασία [μεταπτυχιακή εργασία]

Αποθηκεύτηκε σε:
Λεπτομέρειες βιβλιογραφικής εγγραφής
Κύριος συγγραφέας: Χατζημαργαρίτη, Αικατερίνη
Συγγραφή απο Οργανισμό/Αρχή: Πανεπιστήμιο Αιγαίου Σχολή Ανθρωπιστικών Επιστημών Τμήμα Μεσογειακών Σπουδών Πρόγραμμα Μεταπτυχιακών Σπουδών Πολιτικές, Οικονομικές και Διεθνείς Σχέσεις στη Μεσόγειο
Άλλοι συγγραφείς: Σατλάνης, Χρήστος Νικ (Εισηγητής διατριβής)
Μορφή: Thesis Βιβλίο
Γλώσσα:Greek
Δημοσίευση: 2010
Θέματα:
Διαθέσιμο Online:http://hdl.handle.net/11610/12426
Ετικέτες: Προσθήκη ετικέτας
Δεν υπάρχουν, Καταχωρήστε ετικέτα πρώτοι!

MARC

LEADER 00000cam a2200000 i 4500
001 1/13612
008 110609s2010 gre d
035 |l 10110266 
040 |a GR-MY-UA  |b gre  |e aacr 
041 0 |a gre 
082 0 |a 364.15  |2 (22) 
100 1 |a Χατζημαργαρίτη, Αικατερίνη. 
245 1 2 |a Η δράση της διεθνούς κοινότητας για την πρόληψη και αποτροπή της εμπορίας ανθρώπων :  |b διπλωματική εργασία [μεταπτυχιακή εργασία] /  |c Χατζημαργαρίτη Αικατερίνη ; επιβλέπων: Σατλάνης Χρίστος 
260 |c 2010 
300 |a 78 σ.;  |c 30 εκ. 
500 |a Μέλη εξεταστικής επιτροπής: Σεϊμένης Ιωάννης, Κεφαλά Παρασκευή 
502 |a Διατριβή (μεταπτυχιακή) – Πανεπιστήμιο Αιγαίου, Ρόδος, 2010. 
504 |a Βιβλιογραφία: σ. 74-79 
650 0 0 |a Human trafficking. 
650 0 0 |a Human trafficking  |x Prevention  |x International cooperation. 
650 0 0 |a Human trafficking  |z Law and legislation. 
650 0 0 |a Human rights. 
650 0 0 |a Dissertations, Academic  |z Greece. 
700 1 |a Σατλάνης, Χρήστος Νικ.  |4 ths 
710 2 |a Πανεπιστήμιο Αιγαίου  |b Σχολή Ανθρωπιστικών Επιστημών  |b Τμήμα Μεσογειακών Σπουδών  |b Πρόγραμμα Μεταπτυχιακών Σπουδών Πολιτικές, Οικονομικές και Διεθνείς Σχέσεις στη Μεσόγειο. 
852 |a INST  |b RHODES  |c DIATR  |e 20110609  |h 364.15 ΧΑΤ  |p 005400033241  |q 005400033241  |t MTXE  |y 23 
852 |a INST  |b RHODES  |c DIATR  |e 20110609  |h 364.15 ΧΑΤ  |p 005400033593  |q 005400033593  |t MTXE  |y 23 
856 |u http://hdl.handle.net/11610/12426 
901 |a BIBL4-2011-2 
909 |a Ρ  |b 163674 
909 |a Ρ  |b 163675 
924 |a ΧΑΤΖΗΜΑΡΓΑΡΙΤΗ  |b ΑΙΚΑΤΕΡΙΝΗ  |y ΡΟΔΟΣ  |z 2011-06 
970 |z 2010/05/